| 000 | 00792cam a22002051 4500 | ||
|---|---|---|---|
| 001 | sa 68006843 | ||
| 003 | DLC | ||
| 005 | 20260227112519.0 | ||
| 008 | 711020s1948 ce k 000 0 eng | ||
| 010 | _asa 68006843 | ||
| 040 |
_aDLC _cDLC _dDLC |
||
| 043 | _aa-ce--- | ||
| 050 | 0 | 0 | _aLAW |
| 110 | 1 |
_aCeylon. _bCustoms Department. |
|
| 245 | 1 | 0 | _aCeylon customs tariff, June 1949, amended up to May 31, 1949. |
| 260 |
_a[Colombo] _bPrinted at the Ceylon Govt. Press; to be purchased at the Govt. Publications Bureau or H.M. Customs _c[1948] |
||
| 300 |
_a1 v. (loose-leaf) _bforms. _c26 cm. |
||
| 500 | _a"... A guide only, and has in itself no legal validity. Authority ... rests on the gazetted notices from which it is compiled ..." | ||
| 650 | 0 |
_aTariff _xLaw and legislation _zSri Lanka. |
|
| 999 |
_c81563 _d81563 |
||